00898nam a2200277 a 450000100060000000300080000600500170001400800410003102000160007203500190008804000310010704100080013808200300014610000220017624500860019826000530028430000330033749000520037050000200042250400300044265000230047265000160049565000340051170000260054583000490057153141BD-RjUL20211209075921.0161003r19871978mnua b 001 0 eng  a0829902139  a(BD-RjUL)53261 dNNCaBD-RjULbengcBD-RjUL aeng a658.401223HOS bHOS 19871 aHofer, Charles W.10aStrategy formulation :banalytical concepts /cCharles W. Hofer, Dan E. Schendel. aSt. Paul :bWest Pub. Co.,cc1978 [reprint 1987] axv, 219 p. :bill. ;c25 cm.1 aThe West series in business policy and planning aIncludes index. aBibliography: p. 206-211. 0aBusiness planning. 0aManagement. 0aOrganizational effectiveness.1 aDan Schendeleauthor. 0aWest series in business policy and planning.